<?xml version="1.0" encoding="UTF-8"?>
<record
    xmlns:xsi="http://www.w3.org/2001/XMLSchema-instance"
    xsi:schemaLocation="http://www.loc.gov/MARC21/slim http://www.loc.gov/standards/marcxml/schema/MARC21slim.xsd"
    xmlns="http://www.loc.gov/MARC21/slim">

  <leader>00888nam a2200265 a 4500</leader>
  <controlfield tag="008">970404s1996    xo a    r     y  0  cze c</controlfield>
  <datafield tag="020" ind1=" " ind2=" ">
    <subfield code="a">8088699096</subfield>
    <subfield code="c">10</subfield>
  </datafield>
  <datafield tag="040" ind1=" " ind2=" ">
    <subfield code="a">SNK</subfield>
    <subfield code="b">slo</subfield>
    <subfield code="c">SNK</subfield>
    <subfield code="e">AACR2</subfield>
  </datafield>
  <datafield tag="041" ind1="1" ind2=" ">
    <subfield code="a">slo</subfield>
    <subfield code="h">eng</subfield>
  </datafield>
  <datafield tag="044" ind1=" " ind2=" ">
    <subfield code="a">xo</subfield>
    <subfield code="c">SK</subfield>
  </datafield>
  <datafield tag="080" ind1=" " ind2=" ">
    <subfield code="a">574:111.1=850</subfield>
  </datafield>
  <datafield tag="100" ind1="1" ind2=" ">
    <subfield code="a">Naess, Arne</subfield>
    <subfield code="4">aut</subfield>
  </datafield>
  <datafield tag="240" ind1="1" ind2="0">
    <subfield code="a">Ecology, community and lifestyle</subfield>
    <subfield code="l">&#x10C;esky</subfield>
  </datafield>
  <datafield tag="245" ind1="1" ind2="0">
    <subfield code="a">Ekologie, pospolitost a &#x17E;ivotn&#xED; styl</subfield>
    <subfield code="b">n&#xE1;&#x10D;rt ekosofie</subfield>
    <subfield code="c">Arne Naess ; upravil David Rothenberg ; p&#x159;elo&#x17E;il Ji&#x159;&#xED; Hrub&#xFD;</subfield>
  </datafield>
  <datafield tag="260" ind1=" " ind2=" ">
    <subfield code="a">Tul&#x10D;&#xED;k</subfield>
    <subfield code="b">Abies</subfield>
    <subfield code="c">c1996</subfield>
  </datafield>
  <datafield tag="300" ind1=" " ind2=" ">
    <subfield code="a">310 s.</subfield>
    <subfield code="b">sch.</subfield>
    <subfield code="c">20 cm</subfield>
  </datafield>
  <datafield tag="504" ind1=" " ind2=" ">
    <subfield code="a">Bibliogr. s. 305-310. Reg.</subfield>
  </datafield>
  <datafield tag="650" ind1="0" ind2="7">
    <subfield code="a">ekol&#xF3;gia</subfield>
    <subfield code="x">v&#xFD;klady</subfield>
    <subfield code="2">SNK</subfield>
  </datafield>
  <datafield tag="650" ind1="0" ind2="7">
    <subfield code="a">ekozofia</subfield>
    <subfield code="x">v&#xFD;klady</subfield>
    <subfield code="2">SNK</subfield>
  </datafield>
  <datafield tag="700" ind1="1" ind2=" ">
    <subfield code="a">Hrub&#xFD;, Ji&#x159;&#xED;</subfield>
    <subfield code="4">trl</subfield>
  </datafield>
  <datafield tag="700" ind1="1" ind2=" ">
    <subfield code="a">Rothenberg, David</subfield>
    <subfield code="4">adp</subfield>
  </datafield>
  <datafield tag="730" ind1=" " ind2=" ">
    <subfield code="t">Ecology, community and lifestyle</subfield>
  </datafield>
  <datafield tag="765" ind1="0" ind2=" ">
    <subfield code="t">Ecology, community and lifestyle</subfield>
    <subfield code="a">Naess, Arne</subfield>
  </datafield>
  <datafield tag="958" ind1=" " ind2=" ">
    <subfield code="a">APP</subfield>
  </datafield>
  <datafield tag="999" ind1=" " ind2=" ">
    <subfield code="c">15270</subfield>
    <subfield code="d">15270</subfield>
  </datafield>
  <datafield tag="952" ind1=" " ind2=" ">
    <subfield code="0">0</subfield>
    <subfield code="1">0</subfield>
    <subfield code="4">0</subfield>
    <subfield code="7">0</subfield>
    <subfield code="8">K</subfield>
    <subfield code="a">10000</subfield>
    <subfield code="b">10000</subfield>
    <subfield code="d">2019-11-29</subfield>
    <subfield code="g">10.00</subfield>
    <subfield code="i">14305</subfield>
    <subfield code="o">I 0345</subfield>
    <subfield code="r">2019-11-29</subfield>
    <subfield code="w">2019-11-29</subfield>
    <subfield code="y">OLDO</subfield>
  </datafield>
</record>
